000
00249nam a22001097a 4500
005
20230609145954.0
008
230609b |||||||| |||| 00| 0 eng d
022
_a
9770972510005
245
_a
APPLIED FINANCE
260
_b
IUP PUBLICATION
942
_c
JRL
999
_c
8322
_d
8320